Statistics for Javelin Throw: All Time Top 30

Click here to take the quiz!

General Stats

  • This quiz has been taken 72 times
    (21 since last reset)
  • The average score is 15 of 30

Answer Stats

Personal best (metres)AthleteYearCountry% Correct
98.48Jan Železný1996Czech Republic
80%
90.60Seppo Räty1992Finland
80%
91.53Tero Pitkämäki2005Finland
80%
94.44Johannes Vetter2017Germany
70%
89.83Oliver Helander2022Finland
70%
91.46Steve Backley1992United Kingdom
70%
93.09Aki Parviainen1999Finland
65%
91.59Andreas Thorkildsen2006Norway
65%
90.82Kimmo Kinnunen1991Finland
65%
92.72Julius Yego2015Kenya
60%
89.94Neeraj Chopra2022India
60%
93.90Thomas Röhler2017Germany
60%
90.16Keshorn Walcott2015Trinidad & Tobago
55%
92.61Segey Makarov2002Russia
55%
93.07Anderson Peters2022Grenada
50%
92.06Andreas Hofmann2018Germany
50%
90.44Boris Henry1997Germany
50%
89.54Julian Weber2022Germany
50%
90.88Jakub Vadlejch2022Czech Republic
40%
90.61Magnus Kirt2019Estonia
40%
91.29Breaux Greer2007USA
35%
89.21Ihab Abdelrahman2014Egypt
35%
91.69Konstadinós Gatsioúdis2000Greece
35%
92.60Raymond Hecht1995Germany
35%
89.16Tom Petranoff1991USA
35%
89.55Marcin Kriukowski2021Poland
30%
90.73Vadims Vasilevskis2007Latvia
30%
90.18Arsham Nadeem2022Pakistan
15%
91.36Cheng Chao-tsun2017Taiwan
15%
89.17Edis Matusevičius2019Lithuania
15%

Score Distribution

Percentile by Number Answered

Percent of People with Each Score

Your Score History

You have not taken this quiz since the last reset